000 00367nam a2200145Ia 4500
008 191201s2004 xx 000 0 und d
082 _a004.22
_bHEC
100 _aHeuring, Vincent P
245 0 _aComputer Systems design and architecture
250 _a2nd
260 _aN.Delhi
_bPearson Education
_c2004
300 _a592
650 _aB.Tech(CSE)
942 _2ddc
_cBK
999 _c2070
_d2070